Reservoir dogs
Πέντε άντρες χωρίς ονόματα, μια ληστεία "χαλασμένη" την τελευταία στιγμή, μια συμμορία χωρίς ταυτότητα, ένας τραυματισμένος ο οποίος αιμορραγεί, ένα παρελθόν που πρέπει να γίνει γνωστό....
Αποθηκεύτηκε σε:
| Άλλοι συγγραφείς: | , , , |
|---|---|
| Μορφή: | |
| Γλώσσα: | English Greek |
| Δημοσίευση: |
[Χ.τ. :
χ.ό.],
1992.
|
| Σειρά: | Ταινιοθήκη του Σινεμά ;
27 |
| Θέματα: | |
| Ετικέτες: |
Προσθήκη ετικέτας
Δεν υπάρχουν, Καταχωρήστε ετικέτα πρώτοι!
|
MARC
| LEADER | 00000ngm a2200000 a 4500 | ||
|---|---|---|---|
| 001 | 1/126227 | ||
| 008 | 230307s1992####xx ||| | || ||eng|| | ||
| 040 | |a GR-MyUa |b gre |c GR-MyUa |e AACR2 | ||
| 041 | 0 | |a eng |j gre | |
| 082 | 7 | |a 791.437 |2 (23) | |
| 245 | 0 | 0 | |a Reservoir dogs |h [μαγνητοσκόπηση] / |c του Κουέντιν Ταραντίνο. |
| 260 | |a [Χ.τ. : |b χ.ό.], |c 1992. | ||
| 300 | |a 1 βιντεοδίσκος (95 λεπτά) : |b ομίλ., έγχρ. ; |c 4 3/4 ίν. | ||
| 490 | 1 | |a (Η ταινιοθήκη του Σινεμά ; |v 27) | |
| 500 | |a Κυκλοφόρησε πρώτη φορά ως κινηματογραφική ταινία το 1992. | ||
| 508 | |a Φωτογραφία, Άντρεϊ Σέκουλα ; μοντάζ, Σάλι Μένκε ; σενάριο, Ρότζερ Άβαρι, Κουέντιν Ταραντίνο. | ||
| 511 | 0 | |a Χάρβεϊ Καϊτέλ, Τιμ Ροθ, Στιβ Μπουσέμι, Μάικλ Μάντσεν, Κρις Πεν, Λόρενς Τίρνεϊ. | |
| 520 | 8 | |a Πέντε άντρες χωρίς ονόματα, μια ληστεία "χαλασμένη" την τελευταία στιγμή, μια συμμορία χωρίς ταυτότητα, ένας τραυματισμένος ο οποίος αιμορραγεί, ένα παρελθόν που πρέπει να γίνει γνωστό. | |
| 546 | |a Στα αγγλικά με υπότιτλους στα ελληνικά. | ||
| 650 | 0 | |a Brigands and robbers |v Drama. | |
| 655 | 7 | |a Feature films |2 lcgft | |
| 700 | 1 | |a Tarantino, Quentin, |e drt | |
| 700 | 1 | |a Keitel, Harvey, |e act | |
| 700 | 1 | |a Buscemi, Steve, |d 1957- |e act | |
| 700 | 1 | |a Roth, Tim, |e act | |
| 830 | 0 | |a Ταινιοθήκη του Σινεμά ; |v 27 | |
| 852 | |a INST |b SYROS |c AV |e 20230306 |h 791.437 TAR |p 005500015427 |q 005500015427 |t DVD |y 23 | ||
| 970 | |a Κοντού |b Παρασκευή |z 07/03/2023 | ||